000 00294nam a22001337a 4500
008 181016b xxu||||| |||| 00| 0 eng d
020 _a0135713560
041 _aeng
080 _22nd
_a620
100 _a27
101 _aMEK
245 _aMechanics of Materials
_cPopov,E.P
942 _2udc
_cBK
999 _c49920
_d49920